000 002520000a22000970004500
100 1 _aCanclini, Arnoldo
245 1 0 _aWilliam Tyndale, 500 años
300 _aVol. 49, Núm 213 (1994), Páginas 23-24
773 0 _tLa Biblia de las Américas
942 _cANA
999 _c51347
_d51347